[Event "TSV Schönaich 2 - SG Schwäbisch Gmünd"]
[Site "?"]
[Date "2023.01.15"]
[Round "5.8"]
[White "Kilinc, Can"]
[Black "Macho, Roland"]
[Result "1/2-1/2"]
[WhiteElo "1944"]
[BlackElo "1968"]
[PlyCount "92"]
[EventDate "2023.??.??"]

1. e4 e6 2. d4 d5 3. Nc3 Bb4 4. e5 c5 5. a3 Bxc3+ 6. bxc3 Qc7 7. Qg4 f5 8. Qg3 cxd4 9. cxd4 Ne7 10. Bd2 Nec6 11. Nf3 O-O 12. Bd3 b6 13. Qh3 h6 14. Qg3 Kh7 15. O-O Ba6 16. Bxa6 Nxa6 17. Rfc1 Ne7 18. Ne1 Qc4 19. Qd3 Rac8 20. Rab1 Nc6 21. Qxc4 dxc4 22. Nf3 Rcd8 23. c3 g5 24. Rd1 Nc7 25. Ne1 Na5 26. Nc2 Nb3 27. Na1 Na5 28. Nc2 Nd5 29. a4 Nb3 30. Be1 a6 31. Na3 Na5 32. Rb2 Rb8 33. Rdb1 Rfc8 34. g3 Nb3 35. Nxc4 Rxc4 36. Rxb3 Rxa4 37. Kf1 Rc8 38. Ke2 Rcc4 39. Kd3 f4 40. Bd2 b5 41. gxf4 gxf4 42. Rg1 Rc7 43. Rg4 Rf7 44. Rb1 Rc4 45. Ra1 Rc6 46. Ra3 Rg7 1/2-1/2

[Event "SK Bebenhausen - SK Schwäbisch Hall"]
[Site "?"]
[Date "2023.01.15"]
[Round "5.1"]
[White "Guichard, Pauline"]
[Black "Braun, Georg"]
[Result "0-1"]
[WhiteElo "2370"]
[BlackElo "2397"]
[PlyCount "62"]
[EventDate "2023.??.??"]

1. d4 Nf6 2. c4 e6 3. Nc3 Bb4 4. Bd2 O-O 5. Nf3 d5 6. e3 Nbd7 7. Rc1 c6 8. Bd3 dxc4 9. Bxc4 Qe7 10. O-O e5 11. Qc2 Bd6 12. Ne4 Nxe4 13. Qxe4 exd4 14. Qxd4 c5 15. Qd5 Nb6 16. Qh5 Nxc4 17. Rxc4 h6 18. Bc3 Be6 19. Re4 f5 20. Ra4 Bd7 21. Rf4 Bxf4 22. exf4 Qf7 23. Qh4 Bc6 24. Ne5 Qc7 25. Re1 Rae8 26. Re3 Qd8 27. Qh5 Re6 28. Rg3 Qe8 29. Rxg7+ Kxg7 30. Nf7+ Kh7 31. Qxf5+ Rg6 0-1

[Event "SK Bebenhausen - SK Schwäbisch Hall"]
[Site "?"]
[Date "2023.01.15"]
[Round "5.3"]
[White "Manoeuvre, Antoine"]
[Black "Frick, Christoph"]
[Result "1-0"]
[WhiteElo "2303"]
[BlackElo "2100"]
[PlyCount "79"]
[EventDate "2023.??.??"]

1. d4 d5 2. c4 c6 3. Nf3 Nf6 4. Nc3 dxc4 5. a4 Bf5 6. e3 e6 7. Bxc4 Bb4 8. O-O O-O 9. Ne2 Nbd7 10. Ng3 Bg6 11. Nh4 c5 12. Nxg6 hxg6 13. dxc5 Nxc5 14. Qe2 Rc8 15. e4 Qc7 16. b3 Qe5 17. Rb1 Ncxe4 18. Bd3 Nxg3 19. Qxe5 Nxf1 20. Bxf1 Bc3 21. Qb5 b6 22. Ba3 Rfd8 23. Qa6 Rc7 24. Rc1 Ne4 25. Bd3 Nc5 26. Bxc5 Rxc5 27. Bc4 Bb2 28. Rb1 Rd2 29. Qxa7 Bd4 30. Qb8+ Kh7 31. Qf4 Bc3 32. Rf1 Rf5 33. Qe3 Ba5 34. g3 Rb2 35. Qd4 Rd2 36. Qh4+ Kg8 37. b4 Bxb4 38. Bxe6 Rfxf2 39. Bxf7+ Rxf7 40. Qxb4 1-0

[Event "SK Bebenhausen - SK Schwäbisch Hall"]
[Site "?"]
[Date "2023.01.15"]
[Round "5.4"]
[White "Hartmann, Martin"]
[Black "Danada, Tomas"]
[Result "1-0"]
[WhiteElo "2167"]
[BlackElo "2254"]
[PlyCount "101"]
[EventDate "2023.??.??"]

1. e4 c5 2. Nf3 d6 3. d4 cxd4 4. Nxd4 Nf6 5. f3 Nc6 6. c4 e5 7. Nc2 Be6 8. Nc3 Be7 9. Be3 Rc8 10. Qd2 O-O 11. Be2 Nh5 12. O-O Nf4 13. Rfd1 Nxe2+ 14. Qxe2 Qc7 15. Rac1 Qb8 16. b3 Rfd8 17. Qf2 Rd7 18. Rd3 Rf8 19. g4 a6 20. Nd5 b5 21. cxb5 axb5 22. Na3 Qb7 23. Nb6 Rdd8 24. Nxb5 Nb4 25. Rdd1 d5 26. Rc7 Qa6 27. exd5 Qxb5 28. Rxe7 Nxd5 29. Nxd5 Rxd5 30. Rxd5 Qxd5 31. Rc7 f5 32. gxf5 Bxf5 33. Qg3 Bg6 34. Qg4 Qd1+ 35. Kf2 e4 36. Rc8 Qd6 37. Rxf8+ Qxf8 38. Qe6+ Kh8 39. f4 Bf5 40. Qe5 h6 41. Bd4 Qf7 42. a4 Qg6 43. a5 Qg4 44. a6 Qh4+ 45. Ke2 Qxh2+ 46. Kd1 Qh1+ 47. Kc2 Qg2+ 48. Kc3 e3 49. Qxf5 e2 50. Qe5 Qf3+ 51. Kd2 1-0

[Event "SK Bebenhausen - SK Schwäbisch Hall"]
[Site "?"]
[Date "2023.01.15"]
[Round "5.5"]
[White "Svana, Peter"]
[Black "Latzke, Boris"]
[Result "1-0"]
[WhiteElo "2261"]
[BlackElo "2194"]
[PlyCount "91"]
[EventDate "2023.??.??"]

1. d4 Nf6 2. c4 e6 3. Nc3 Bb4 4. g3 O-O 5. Bg2 d5 6. Nf3 c6 7. O-O Nbd7 8. Qb3 Bd6 9. Rd1 dxc4 10. Qxc4 Qe7 11. e4 e5 12. h3 Nb6 13. Qe2 exd4 14. Nxd4 Re8 15. Be3 Bb4 16. f3 Bd7 17. Rac1 Rad8 18. a3 Bd6 19. f4 Bb8 20. Bf2 Bc8 21. b4 h6 22. Qb2 Nh7 23. a4 Nc4 24. Qb3 Nd6 25. b5 cxb5 26. axb5 Be6 27. Nxe6 fxe6 28. e5 Nf5 29. Ne4 Nf8 30. g4 Nh4 31. Nf6+ gxf6 32. Bxh4 Rxd1+ 33. Rxd1 Rd8 34. Rc1 Qd7 35. Bxf6 Qd2 36. Qc2 Qe3+ 37. Kh1 Rd2 38. Qe4 Qg3 39. Qxb7 Bc7 40. Qf3 Qxf3 41. Bxf3 Bb6 42. f5 Kf7 43. g5 exf5 44. Bh5+ Kg8 45. Rc8 hxg5 46. e6 1-0

[Event "SK Bebenhausen - SK Schwäbisch Hall"]
[Site "?"]
[Date "2023.01.15"]
[Round "5.6"]
[White "Carstens, Andreas"]
[Black "Eric, Jovana"]
[Result "0-1"]
[WhiteElo "2156"]
[BlackElo "2220"]
[PlyCount "122"]
[EventDate "2023.??.??"]

1. e4 c5 2. Nc3 Nc6 3. Nf3 e5 4. Bc4 Be7 5. d3 Nf6 6. Ng5 O-O 7. f4 h6 8. Nf3 exf4 9. Bxf4 d6 10. Qd2 Be6 11. O-O d5 12. exd5 Nxd5 13. Rae1 Nxf4 14. Qxf4 Bd6 15. Qd2 Bxc4 16. dxc4 Rc8 17. Nd5 Bb8 18. c3 Qd6 19. Qe2 Rce8 20. Qxe8 Rxe8 21. Rxe8+ Kh7 22. Rfe1 Qd7 23. R1e4 Bd6 24. Re1 Qf5 25. R1e4 f6 26. Ne3 Qd7 27. R4e6 Be7 28. R8xe7 Nxe7 29. Re4 Ng6 30. Nd5 Qf5 31. Re2 Qb1+ 32. Kf2 Qxa2 33. Ne3 Nf4 34. Rd2 Qb1 35. Ne1 Qe4 36. Rd7 h5 37. Rd2 h4 38. Nf3 h3 39. g3 Nd3+ 40. Ke2 Nc1+ 41. Kf2 Nb3 42. Re2 Na5 43. Nd5 Qxc4 44. Nf4 Nb3 45. Nxh3 Nc1 46. Rd2 Nd3+ 47. Kg2 Qe4 48. Nhg1 c4 49. Re2 Qd5 50. Kf1 b5 51. Nd4 b4 52. Ngf3 a5 53. Rd2 Nc5 54. Re2 bxc3 55. bxc3 Ne4 56. Rc2 a4 57. Ne2 Qd1+ 58. Ne1 a3 59. Rc1 Qd2 60. Rc2 Qe3 61. Nf4 Nd2+ 0-1

[Event "SK Bebenhausen - SK Schwäbisch Hall"]
[Site "?"]
[Date "2023.01.15"]
[Round "5.7"]
[White "Stevik, Patrik"]
[Black "Roth, Juergen Eugen"]
[Result "1-0"]
[WhiteElo "2222"]
[BlackElo "2153"]
[PlyCount "45"]
[EventDate "2023.??.??"]

1. Nf3 g6 2. d4 Bg7 3. e4 d6 4. Bc4 Nf6 5. Qe2 Nc6 6. e5 dxe5 7. dxe5 Nd5 8. O-O Bg4 9. Nc3 e6 10. Nxd5 exd5 11. Rd1 O-O 12. Rxd5 Qe7 13. Bf4 Rfe8 14. Re1 Kh8 15. c3 a6 16. h3 Be6 17. Rdd1 b5 18. Bxe6 Qxe6 19. Ng5 Qf5 20. Qf3 Rad8 21. g4 Rxd1 22. Rxd1 Qc2 23. Rc1 1-0

[Event "SK Bebenhausen - SK Schwäbisch Hall"]
[Site "?"]
[Date "2023.01.15"]
[Round "5.8"]
[White "Khadempour, Farhad"]
[Black "Krenedics, Gregor"]
[Result "1-0"]
[WhiteElo "2135"]
[BlackElo "2010"]
[PlyCount "79"]
[EventDate "2023.??.??"]

1. c4 e5 2. Nc3 Nf6 3. Nf3 Nc6 4. e4 Bb4 5. d3 h6 6. a3 Bxc3+ 7. bxc3 d6 8. g3 O-O 9. Bg2 Be6 10. O-O Qd7 11. Rb1 b6 12. Nh4 Bh3 13. f4 Bxg2 14. Kxg2 exf4 15. Rxf4 Nh7 16. Nf5 Ne7 17. Qg4 Nxf5 18. Rxf5 Qe6 19. Qf3 Rae8 20. g4 Qg6 21. h4 Re5 22. Rb5 c5 23. Kh3 Rxf5 24. Qxf5 Qxf5 25. gxf5 Nf6 26. Bf4 Rd8 27. Kg2 Ne8 28. a4 Kf8 29. Kf3 Ke7 30. a5 Rb8 31. Ke3 f6 32. d4 Rb7 33. Kd3 Nc7 34. Rb2 Ne8 35. Be3 Kd7 36. dxc5 dxc5 37. Bxc5 Kc6 38. Bf8 Rf7 39. axb6 Rxf8 40. b7 1-0

[Event "SK Schwäbisch Hall - SF Deizisau 2"]
[Site "?"]
[Date "2023.02.05"]
[Round "6.1"]
[White "Koellner, Ruben Gideon"]
[Black "Jacko, Vladimir"]
[Result "1-0"]
[WhiteElo "2410"]
[BlackElo "2369"]
[PlyCount "81"]
[EventDate "2023.??.??"]

1. d4 Nf6 2. Bg5 g6 3. Bxf6 exf6 4. e3 Bg7 5. g3 h5 6. h4 d6 7. Bg2 f5 8. Ne2 Nd7 9. c4 Nf6 10. Nbc3 O-O 11. O-O Ng4 12. Nf4 c6 13. b4 Bd7 14. Qd3 Re8 15. a4 g5 16. hxg5 Qxg5 17. Nce2 h4 18. Nh3 Qh6 19. gxh4 Qxh4 20. Nef4 Kh8 21. Rfe1 Rg8 22. f3 Nf6 23. Kf1 Bh6 24. Qd2 Rg3 25. Qf2 Re8 26. b5 Kh7 27. Rab1 b6 28. Ra1 Rc8 29. Rac1 Rcg8 30. Ke2 d5 31. Rh1 dxc4 32. bxc6 Bxc6 33. Rxc4 Bb7 34. Rc7 Ba6+ 35. Ke1 R8g7 36. Kd1 Ng8 37. Qc2 Qf6 38. Nh5 Qe6 39. Nxg3 Rxg3 40. Nf4 Qxe3 41. Qxf5+ 1-0

[Event "SK Schwäbisch Hall - SF Deizisau 2"]
[Site "?"]
[Date "2023.02.05"]
[Round "6.2"]
[White "Sarenac, Ivan"]
[Black "Dabo-Peranic, Robert"]
[Result "1-0"]
[WhiteElo "2399"]
[BlackElo "2318"]
[PlyCount "113"]
[EventDate "2023.??.??"]

1. d4 Nf6 2. Nc3 d5 3. Bf4 c5 4. e3 cxd4 5. exd4 Bg4 6. f3 Bd7 7. Nb5 Bxb5 8. Bxb5+ Nc6 9. c3 Qb6 10. Qe2 e6 11. Nh3 Be7 12. Nf2 O-O 13. O-O Rfe8 14. Kh1 Bf8 15. Rae1 Nh5 16. Be3 Bd6 17. Nh3 Qc7 18. f4 Nf6 19. Bd3 Ne4 20. Nf2 f5 21. Nxe4 fxe4 22. Bc2 Rf8 23. Qg4 Qf7 24. Qh3 b5 25. Kg1 Rac8 26. Bd1 Ne7 27. Bd2 a5 28. Bb3 h5 29. Rxe4 a4 30. Rxe6 axb3 31. Rxd6 bxa2 32. Ra1 Ra8 33. Qe6 Rfb8 34. Kf2 g6 35. Ke2 Kg7 36. Kd3 Rb7 37. Qxf7+ Kxf7 38. Kc2 Rc7 39. Kb3 Rca7 40. Rb6 Ra5 41. Kc2 R8a7 42. b4 Ra4 43. Rxb5 Ke6 44. Rb6+ Kd7 45. Bc1 Nc6 46. Kb3 Kc7 47. Rb5 Kd6 48. g3 R4a6 49. h3 h4 50. g4 Re7 51. f5 gxf5 52. gxf5 Re2 53. Bf4+ Ke7 54. Rxd5 Kf6 55. Bc7 Re3 56. b5 Ne7 57. Re5 1-0

[Event "SK Schwäbisch Hall - SF Deizisau 2"]
[Site "?"]
[Date "2023.02.05"]
[Round "6.3"]
[White "Bronznik, Valerij"]
[Black "Manoeuvre, Antoine"]
[Result "1/2-1/2"]
[WhiteElo "2273"]
[BlackElo "2308"]
[PlyCount "29"]
[EventDate "2023.??.??"]

1. d4 Nf6 2. c4 g6 3. Nc3 Bg7 4. Bg5 d6 5. Nf3 O-O 6. e3 c5 7. d5 b5 8. cxb5 a6 9. a4 Qa5 10. Qd2 axb5 11. Bxb5 Ba6 12. O-O Bxb5 13. Nxb5 Qxd2 14. Nxd2 Nxd5 15. e4 1/2-1/2

[Event "SK Schwäbisch Hall - SF Deizisau 2"]
[Site "?"]
[Date "2023.02.05"]
[Round "6.4"]
[White "Danada, Tomas"]
[Black "Ruf, Matthias"]
[Result "1/2-1/2"]
[WhiteElo "2238"]
[BlackElo "2320"]
[PlyCount "142"]
[EventDate "2023.??.??"]

1. d4 Nf6 2. c4 c5 3. d5 b5 4. cxb5 a6 5. e3 Bb7 6. Nc3 e6 7. e4 exd5 8. exd5 d6 9. Nh3 Be7 10. bxa6 Bxa6 11. Bxa6 Rxa6 12. O-O O-O 13. Re1 Re8 14. b3 Nbd7 15. Bb2 Qa8 16. Nf4 Rb6 17. Nh5 Rbb8 18. Ng3 Bf8 19. Qd2 Rxe1+ 20. Rxe1 Re8 21. Rxe8 Qxe8 22. Qe2 Qxe2 23. Ngxe2 Nb6 24. Nf4 g5 25. Nb5 Nfxd5 26. Nh5 Be7 27. Ng3 Kf8 28. a4 Ke8 29. Kf1 Kd7 30. Ke2 Nf4+ 31. Kf3 Nd3 32. Ba3 Ne1+ 33. Kg4 Nxg2 34. Nf5 f6 35. a5 Na8 36. b4 h5+ 37. Kxh5 Nf4+ 38. Kh6 Nd3 39. bxc5 dxc5 40. Kg7 Bd8 41. h4 gxh4 42. Nxh4 Kc6 43. Na7+ Kd5 44. f3 Nc7 45. Kg6 c4 46. Ng2 Ne5+ 47. Kf5 c3 48. Ne3+ Kd4 49. f4 Nf7 50. Ng4 c2 51. Kg6 f5 52. Nc6+ Ke4 53. Nf2+ Kd5 54. Nb4+ Ke6 55. Nxc2 Nb5 56. Bb4 Nfd6 57. Nd3 Nc4 58. Nc5+ Kd5 59. Nb7 Bc7 60. Kxf5 Kc6 61. a6 Kb6 62. Nc5 Bd6 63. Nd7+ Kxa6 64. Be1 Kb7 65. Ne5 Nxe5 66. fxe5 Bxe5 67. Kxe5 Kc6 68. Bf2 Nc7 69. Nd4+ Kc5 70. Bg1 Kc4 71. Kd6 Nb5+ 1/2-1/2

[Event "SK Schwäbisch Hall - SF Deizisau 2"]
[Site "?"]
[Date "2023.02.05"]
[Round "6.5"]
[White "Gustain, Marc"]
[Black "Khalafova, Narmin"]
[Result "1/2-1/2"]
[WhiteElo "2160"]
[BlackElo "2246"]
[PlyCount "85"]
[EventDate "2023.??.??"]

1. e4 c5 2. Nf3 d6 3. d4 Nf6 4. Nc3 cxd4 5. Qxd4 a6 6. Bg5 Nc6 7. Qd2 e6 8. O-O-O Qc7 9. Kb1 Nd7 10. Bd3 h6 11. Bh4 Nde5 12. Nxe5 dxe5 13. Ne2 Bc5 14. Nc1 b5 15. f3 Bb7 16. Nb3 Bb6 17. Bf2 Rd8 18. Bxb6 Qxb6 19. Qc3 O-O 20. Qc5 Qxc5 21. Nxc5 Bc8 22. c3 Nb8 23. Bc2 a5 24. Rxd8 Rxd8 25. Rd1 Rxd1+ 26. Bxd1 Nd7 27. Nxd7 Bxd7 28. Be2 Kf8 29. Kc2 Ke7 30. a3 Kd6 31. b4 axb4 32. axb4 g5 33. Kb3 Kc6 34. c4 bxc4+ 35. Bxc4 Kb6 36. Ka3 Bc6 37. Bd3 Bd7 38. Bc2 Bb5 39. Bd1 Bf1 40. g3 Bg2 41. g4 Bf1 42. Kb3 Ka6 43. Kb2 1/2-1/2

[Event "SK Schwäbisch Hall - SF Deizisau 2"]
[Site "?"]
[Date "2023.02.05"]
[Round "6.6"]
[White "Svana, Peter"]
[Black "Jelica, Mara"]
[Result "1-0"]
[WhiteElo "2269"]
[BlackElo "2102"]
[PlyCount "72"]
[EventDate "2023.??.??"]

1. d4 d6 2. e4 Nf6 3. Nc3 g6 4. h3 Bg7 5. Be3 Nbd7 6. Qd2 c6 7. a4 O-O 8. Nf3 e5 9. dxe5 Nxe5 10. Be2 Be6 11. Ng5 Qe7 12. b3 Bc8 13. Rd1 Ne8 14. f4 Nd7 15. Bd4 h6 16. Bxg7 Kxg7 17. Nf3 Ndf6 18. Qd4 Kh7 19. g4 Bd7 20. e5 dxe5 21. fxe5 Nd5 22. Nxd5 cxd5 23. O-O Be6 24. Bd3 Ng7 25. Qe3 Bd7 26. Nd4 Rae8 27. Rde1 Qh4 28. Kg2 Qd8 29. Rf6 Ne6 30. Ref1 Nxd4 31. Rxf7+ Rxf7 32. Rxf7+ Kg8 33. Qxh6 Kxf7 34. Bxg6+ Ke7 35. Qg7+ Ke6 36. Bf7+ Ke7 1-0

[Event "SK Schwäbisch Hall - SF Deizisau 2"]
[Site "?"]
[Date "2023.02.05"]
[Round "6.7"]
[White "Brenner, Markus"]
[Black "Buran, Jaroslav"]
[Result "1/2-1/2"]
[WhiteElo "2094"]
[BlackElo "2010"]
[PlyCount "29"]
[EventDate "2023.??.??"]

1. e4 c6 2. c4 d5 3. cxd5 cxd5 4. exd5 Nf6 5. Qa4+ Nbd7 6. Nc3 g6 7. Nf3 Bg7 8. Bc4 O-O 9. d3 a6 10. Qa3 Nb6 11. Qb3 Nxc4 12. dxc4 b5 13. O-O bxc4 14. Qxc4 e6 15. Rd1 1/2-1/2

[Event "SG Schwäbisch Gmünd - SK Bebenhausen"]
[Site "?"]
[Date "2023.02.05"]
[Round "6.1"]
[White "Braun, Georg"]
[Black "Velicka, Petr"]
[Result "1-0"]
[WhiteElo "2390"]
[BlackElo "2365"]
[PlyCount "229"]
[EventDate "2023.??.??"]

1. e4 e5 2. Nf3 Nc6 3. Bb5 Nf6 4. d3 Bc5 5. Bxc6 dxc6 6. Be3 Qe7 7. Nbd2 Bg4 8. h3 Bh5 9. Qe2 Nd7 10. g4 Bg6 11. O-O-O O-O-O 12. Nc4 f6 13. Nfd2 Kb8 14. f4 Bf7 15. fxe5 Nxe5 16. Nxe5 Qxe5 17. Bxc5 Qxc5 18. Kb1 h5 19. Nf3 Qe7 20. b3 a5 21. Qe3 hxg4 22. hxg4 a4 23. Kb2 Be6 24. Nh4 a3+ 25. Kc1 Bxg4 26. Rdg1 Qe5 27. Kd2 Bc8 28. c3 Rh5 29. Nf3 Qe8 30. Rxh5 Qxh5 31. Rxg7 Rd7 32. Rxd7 Bxd7 33. Qf4 Qg6 34. Kc2 b6 35. Nd2 Kb7 36. Qf3 Bg4 37. Qe3 Qh5 38. Qe1 Qh2 39. b4 Be2 40. c4 Qe5 41. Qc1 c5 42. bxc5 Qxc5 43. Nb3 Qf2 44. Qd2 Qf1 45. Nc1 Bg4 46. Kb3 Qg1 47. Kxa3 f5 48. exf5 Bxf5 49. Kb3 Qd4 50. Qc3 Qg1 51. d4 Be4 52. Ka3 Qf2 53. Nb3 Qf8+ 54. Kb2 Qf2+ 55. Ka3 Qf8+ 56. Qb4 Qxb4+ 57. Kxb4 Kc6 58. Nd2 Bd3 59. Kc3 Bh7 60. Kb4 Bd3 61. a3 Bh7 62. Nf3 Kd6 63. Kb5 Bd3 64. Nd2 Be2 65. Ne4+ Kd7 66. d5 Bd3 67. Nd2 Kd6 68. Nf3 Bg6 69. Nd4 Bd3 70. Nc6 Bf1 71. Nd8 Be2 72. a4 Bf1 73. Kb4 Ke7 74. Nc6+ Kd6 75. Na7 Bg2 76. Kb5 Bf1 77. Nc6 Be2 78. a5 bxa5 79. Nxa5 Bf3 80. Nb7+ Kd7 81. Kc5 c6 82. d6 Bg2 83. Na5 Bf3 84. Nb3 Bh1 85. Nd4 Be4 86. Nb3 Bh1 87. Nc1 Be4 88. Kd4 Bg2 89. c5 Ke6 90. Nd3 Bf3 91. Ne5 Bg2 92. Nc4 Bf1 93. Nb6 Bh3 94. Ke4 Kf6 95. Nc4 Bg2+ 96. Kf4 Bh3 97. Ne5 Ke6 98. Kg3 Bf5 99. Nxc6 Bg6 100. Kf4 Be8 101. Ne7 Ba4 102. Ke4 Be8 103. Kd4 Bd7 104. Nd5 Bc6 105. Nf4+ Kf5 106. Nd3 Ke6 107. Kc4 Be8 108. Nb4 Ke5 109. Na6 Ba4 110. Nb8 Ke6 111. Kb4 Be8 112. Ka5 Bh5 113. Kb6 Bg4 114. Kc7 Kd5 115. c6 1-0

[Event "SG Schwäbisch Gmünd - SK Bebenhausen"]
[Site "?"]
[Date "2023.02.05"]
[Round "6.2"]
[White "Jurek, Josef"]
[Black "Braeuning, Rudolf Wilhelm"]
[Result "1/2-1/2"]
[WhiteElo "2240"]
[BlackElo "2206"]
[PlyCount "25"]
[EventDate "2023.??.??"]

1. d4 d6 2. Nf3 Bg4 3. c4 Nd7 4. Nc3 e5 5. g3 Bxf3 6. exf3 exd4 7. Qxd4 Ngf6 8. Bg2 Be7 9. O-O O-O 10. b3 c6 11. Bb2 Qb6 12. Rad1 Rfe8 13. Rfe1 1/2-1/2

[Event "SG Schwäbisch Gmünd - SK Bebenhausen"]
[Site "?"]
[Date "2023.02.05"]
[Round "6.3"]
[White "Frick, Christoph"]
[Black "Flajsman, Pavel"]
[Result "1/2-1/2"]
[WhiteElo "2095"]
[BlackElo "2258"]
[PlyCount "74"]
[EventDate "2023.??.??"]

1. Nc3 d5 2. e4 d4 3. Nce2 e5 4. Ng3 Be6 5. c3 c5 6. Qa4+ Nc6 7. Nf3 f6 8. Bc4 Qd7 9. O-O O-O-O 10. cxd4 Bxc4 11. Qxc4 exd4 12. d3 Kb8 13. Bd2 g6 14. a3 h5 15. h4 Ne5 16. Nxe5 fxe5 17. Bg5 Be7 18. f4 Qg4 19. Rf3 Bxg5 20. fxg5 Qxh4 21. Rf7 Qxg5 22. Qxc5 Rc8 23. Qd6+ Ka8 24. Qb4 Rb8 25. Raf1 Nh6 26. Rf8 Rhxf8 27. Rxf8 Qxg3 28. Rxb8+ Kxb8 29. Qf8+ Kc7 30. Qe7+ Kc6 31. Qe6+ Kb5 32. Qd5+ Ka6 33. Qc4+ b5 34. Qc6+ Ka5 35. Qc7+ Ka6 36. Qc6+ Ka5 37. Qc7+ Ka6 1/2-1/2

[Event "SG Schwäbisch Gmünd - SK Bebenhausen"]
[Site "?"]
[Date "2023.02.05"]
[Round "6.4"]
[White "Hoenick, Andreas"]
[Black "Hartmann, Martin"]
[Result "0-1"]
[WhiteElo "2135"]
[BlackElo "2192"]
[PlyCount "78"]
[EventDate "2023.??.??"]

1. d4 Nf6 2. c4 e6 3. Nc3 c5 4. d5 exd5 5. cxd5 d6 6. e4 g6 7. Nge2 Bg7 8. Ng3 O-O 9. Be2 Re8 10. O-O a6 11. a4 Nbd7 12. Be3 Rb8 13. Qd2 Qc7 14. Rfc1 h5 15. h3 h4 16. Nf1 Nxe4 17. Nxe4 Rxe4 18. Bf3 Re8 19. Bg5 Ne5 20. Be2 b5 21. axb5 axb5 22. Ne3 Bd7 23. Kh1 f5 24. f4 Nf7 25. Bxh4 Re4 26. Nf1 Rd4 27. Qc2 Rxf4 28. Bg3 Rb4 29. Ra2 Re8 30. Be1 Rbe4 31. Ba5 Qb7 32. Bd3 Qxd5 33. b3 Rh4 34. Kh2 Be5+ 35. Ng3 Bxg3+ 36. Kxg3 Qe5+ 37. Kxh4 g5+ 38. Kh5 Qh8+ 39. Kg6 Qh6# 0-1

[Event "SG Schwäbisch Gmünd - SK Bebenhausen"]
[Site "?"]
[Date "2023.02.05"]
[Round "6.5"]
[White "Latzke, Boris"]
[Black "Weiss, Andreas"]
[Result "1/2-1/2"]
[WhiteElo "2161"]
[BlackElo "2132"]
[PlyCount "187"]
[EventDate "2023.??.??"]

1. d4 Nf6 2. c4 e6 3. Nf3 b6 4. a3 Bb7 5. Nc3 d5 6. cxd5 exd5 7. Bg5 Be7 8. e3 O-O 9. Bd3 Ne4 10. Bf4 Nxc3 11. bxc3 Nd7 12. O-O c5 13. Qc2 g6 14. Qe2 Re8 15. a4 Bf8 16. Rab1 c4 17. Bc2 Bc6 18. Nd2 Nf6 19. e4 Nxe4 20. Nxe4 dxe4 21. Qxc4 Bd5 22. Qb5 Rc8 23. Bb3 Bc6 24. Qe2 Qd7 25. Qa2 Bb7 26. Rbc1 Kg7 27. Rfd1 f6 28. c4 Bd6 29. Qd2 Bxf4 30. Qxf4 Qc7 31. Qe3 Qe7 32. a5 h6 33. axb6 axb6 34. Ra1 Ra8 35. c5 Rxa1 36. Rxa1 bxc5 37. dxc5 Rc8 38. Rc1 Rc7 39. Ba4 Bc6 40. Bb3 h5 41. Rd1 Rd7 42. Rxd7 Qxd7 43. h4 Bb7 44. Qf4 Bc6 45. Kh2 Qe7 46. Qb8 Qe5+ 47. Qxe5 fxe5 48. Kg1 Kf6 49. Kf1 g5 50. hxg5+ Kxg5 51. g3 h4 52. gxh4+ Kxh4 53. Ke2 Kg5 54. Ke3 Kf6 55. Bc2 Ke6 56. Bxe4 Ba4 57. Kd3 Bd1 58. Kc4 Be2+ 59. Kb4 Kd7 60. Bd5 Bf1 61. Bc4 Bg2 62. Bb5+ Kc7 63. Ba4 Bf3 64. Kc4 Bg2 65. Kd3 Bd5 66. Ke3 Bb7 67. Bc2 Bd5 68. Ba4 Bb7 69. Bb5 Bd5 70. Kd3 Bg2 71. Be8 Bd5 72. Kc3 Kd8 73. Bg6 Kc7 74. Bf5 Kc6 75. Kb4 Bf3 76. Bg6 Kc7 77. Kc4 Kc6 78. Be8+ Kc7 79. Kb5 Be2+ 80. Ka5 Bf3 81. Bb5 Bd5 82. Kb4 Bf3 83. Bc4 Kc6 84. Bb3 Kc7 85. Kc4 Kc6 86. Ba4+ Kc7 87. Kd3 Bd5 88. Ke3 Bb7 89. Bd1 Bd5 90. Ba4 Bb7 91. f3 Bd5 92. Be8 Bb7 93. Bg6 Bxf3 94. Kxf3 1/2-1/2

[Event "SG Schwäbisch Gmünd - SK Bebenhausen"]
[Site "?"]
[Date "2023.02.05"]
[Round "6.6"]
[White "Bergner, Philipp"]
[Black "Carstens, Andreas"]
[Result "1-0"]
[WhiteElo "2134"]
[BlackElo "2148"]
[PlyCount "93"]
[EventDate "2023.??.??"]

1. d4 Nf6 2. c4 g6 3. Nc3 Bg7 4. e4 d6 5. Nf3 O-O 6. Be2 Nbd7 7. O-O e5 8. Qc2 Qe7 9. Bg5 c6 10. d5 h6 11. Bd2 c5 12. a3 Nh7 13. g3 Ndf6 14. b4 b6 15. bxc5 bxc5 16. Rab1 Bh3 17. Rfe1 Ng4 18. Bf1 Bxf1 19. Rxf1 Rab8 20. h3 Ngf6 21. Kg2 Nd7 22. Rxb8 Rxb8 23. Rb1 Qd8 24. Rxb8 Qxb8 25. Qa4 Nhf6 26. Bc1 Bf8 27. Nd2 Kg7 28. Nb5 Nb6 29. Qxa7 Qxa7 30. Nxa7 Na4 31. Nc6 Nd7 32. f3 h5 33. Nb3 Ndb6 34. Nba5 Kh7 35. Nd8 Kg7 36. Kf2 Be7 37. Ndc6 Kf8 38. Ke2 f5 39. Kd3 Ke8 40. Kc2 Bf6 41. Kb3 fxe4 42. fxe4 Kd7 43. Na7 Kc7 44. Nb5+ Kd7 45. Nb7 Be7 46. h4 Bf8 47. Bg5 1-0

[Event "SG Schwäbisch Gmünd - SK Bebenhausen"]
[Site "?"]
[Date "2023.02.05"]
[Round "6.7"]
[White "Roth, Juergen Eugen"]
[Black "Lankes, Erich"]
[Result "1/2-1/2"]
[WhiteElo "2145"]
[BlackElo "2136"]
[PlyCount "114"]
[EventDate "2023.??.??"]

1. Nf3 d6 2. e4 Nf6 3. Nc3 c6 4. d4 Bg4 5. Be2 Nbd7 6. h3 Bh5 7. O-O e5 8. Be3 Be7 9. a4 O-O 10. Nd2 Bxe2 11. Qxe2 Re8 12. f4 exd4 13. Bxd4 Nf8 14. Qf2 d5 15. Bxa7 N6d7 16. Be3 dxe4 17. Ndxe4 f5 18. Nd2 Qa5 19. Nb3 Qc7 20. Rfd1 Ne6 21. Rd3 Bf6 22. Rad1 Re7 23. a5 Rae8 24. Qd2 Ndf8 25. g3 g5 26. Bb6 Qb8 27. fxg5 Nxg5 28. h4 Ne4 29. Nxe4 fxe4 30. Re3 Rg7 31. Kh1 Qc8 32. Kh2 Qg4 33. Qe2 Be5 34. Qxg4 Rxg4 35. Kh3 h5 36. Bd4 Bc7 37. Rde1 Ne6 38. Bb6 Bb8 39. Nd4 Ng7 40. Bc5 Re5 41. b4 Nf5 42. Nxf5 Rxf5 43. Kg2 Bf4 44. Rf1 Rxc5 45. Rxf4 Rxf4 46. gxf4 Rxc2+ 47. Kg3 Rc4 48. Rb3 Kf7 49. b5 cxb5 50. Rxb5 Rc3+ 51. Kg2 Kg6 52. Rg5+ Kh6 53. Re5 Rc2+ 54. Kf1 Kg6 55. Rxe4 Kf5 56. Rb4 Ra2 57. Rxb7 Rxa5 1/2-1/2

[Event "SG Schwäbisch Gmünd - SK Bebenhausen"]
[Site "?"]
[Date "2023.02.05"]
[Round "6.8"]
[White "Pohl, Walter"]
[Black "Khadempour, Farhad"]
[Result "1/2-1/2"]
[WhiteElo "2116"]
[BlackElo "2142"]
[PlyCount "68"]
[EventDate "2023.??.??"]

1. e4 e6 2. d4 d5 3. Nc3 Nf6 4. exd5 exd5 5. Bg5 c6 6. Bd3 h6 7. Bh4 Bd6 8. Nge2 O-O 9. Qd2 b5 10. f3 b4 11. Na4 Nbd7 12. O-O-O Qa5 13. b3 Ba6 14. Kb1 Bxd3 15. Qxd3 Rfe8 16. Qd2 Re6 17. Bg3 Qb5 18. Rhe1 Bf8 19. Nf4 Rxe1 20. Rxe1 Nb6 21. Nb2 a5 22. Qd3 Qxd3 23. Nfxd3 Ne8 24. Nc5 Nd6 25. Nbd3 Nb5 26. Bf2 Nc3+ 27. Kb2 Nb5 28. Ne5 Rc8 29. h4 g6 30. h5 g5 31. g4 Bg7 32. Kc1 Bf6 33. Kd2 Kg7 34. Kd3 Kg8 1/2-1/2

[Event "SC Böblingen - TSV Schönaich 2"]
[Site "?"]
[Date "2023.02.05"]
[Round "6.1"]
[White "Kocharin, Timur"]
[Black "Gaehwiler, Gabriel"]
[Result "0-1"]
[WhiteElo "2156"]
[BlackElo "2407"]
[PlyCount "84"]
[EventDate "2023.??.??"]

1. d4 Nf6 2. c4 g6 3. Nc3 Bg7 4. Nf3 O-O 5. Bf4 d6 6. h3 b6 7. e3 Bb7 8. Be2 Ne4 9. Nxe4 Bxe4 10. O-O Nd7 11. Nd2 Bb7 12. Bf3 Bxf3 13. Nxf3 e5 14. dxe5 dxe5 15. Bg5 Qe8 16. e4 Nc5 17. Qc2 f5 18. exf5 gxf5 19. Be3 e4 20. Bxc5 bxc5 21. Nd2 Rb8 22. Nb3 Bd4 23. Rad1 Qe5 24. Nxd4 cxd4 25. f4 Qg7 26. b3 c5 27. Kh2 Rbe8 28. Qe2 d3 29. Qe3 Qd4 30. Rfe1 Qxe3 31. Rxe3 h5 32. g3 Kf7 33. h4 a5 34. Kg2 a4 35. Kf2 Rb8 36. Rb1 axb3 37. axb3 Rb4 38. Ree1 Rfb8 39. Ra1 Rxb3 40. Ra5 Rb2+ 41. Ke3 R8b3 42. Rd1 Re2# 0-1